000 00407pab a2200157 454500
008 180718b1998 xxu||||| |||| 00| 0 eng d
100 _aSathe, Vasant
245 _aSome problems with our polity and the solutions
260 _c1998
300 _ap.10-12
362 _aJan
650 _aIndia - Politics and government
650 _aPolitics and government
773 _aPolitics India
909 _a36106
999 _c36106
_d36106